| 000 | 00000nas##2200000za#4500 |
| 001 | 9.503984 |
| 003 | CaOODSP |
| 005 | 20220328113232 |
| 007 | cr ||||||||||| |
| 008 | 150406c2005||||xxc|| p o||||f| |0fre|d |
| 040 | |aCaOODSP|bfre |
| 043 | |an-cn--- |
| 086 | 1 |aIu185-2F-PDF |
| 110 | 1 |aCanada. |bIndustrie Canada. |
| 245 | 10|aStratégie d'allégement du fardeau de la paperasserie pour les petites entreprises du Canada : |h[ressource électronique]|brapport d'étape ... sur l'Initiative d'allégement du fardeau de la paperasserie / |cPrésenté par le Comité consultatif sur l'allégement du fardeau de la paperasserie. |
| 260 | |aOttawa - Ontario : |bIndustrie Canada |
| 310 | |aIrrégulier |
| 362 | 1 |a2005 - |
| 775 | 08|tA strategy to reduce paperwork burden for small businesses in Canada : |w(CaOODSP)9.507599 |